Statistics for Words Found In Poland

Click here to take the quiz!

General Stats

  • This quiz has been taken 62 times
  • The average score is 13 of 25

Answer Stats

#Answer% Correct
3Pol
95%
3And
93%
4Land
89%
3Pan
64%
3Pod
64%
3Lop
59%
3Pad
59%
3Lap
57%
3Nap
57%
3Nod
57%
4Plan
57%
3Lad
55%
3Pal
55%
4Pond
52%
3Don
50%
3Alp
48%
3Dap
43%
4Plod
43%
3Ado
41%
3Dal
41%
4Loan
41%
4Load
39%
3Old
39%
4Opal
29%
5Nopal
9%

Score Distribution

Percentile by Number Answered

Percent of People with Each Score

Your Score History

You have not taken this quiz